[Event "Tunja Boyaca op-B"]
[Site "Tunja"]
[Date "2019.08.03"]
[Round "6"]
[White "Jimenez, David Eduardo"]
[Black "Vargas, Eduar Misael"]
[Result "0-1"]
[WhiteElo "1692"]
[BlackElo "1954"]
[PlyCount "78"]
[EventDate "2019.07.31"]
[EventType "swiss"]
[EventRounds "9"]
[EventCountry "COL"]
[SourceTitle "EXT 2020"]
[Source "ChessBase"]
[SourceDate "2019.10.17"]
[SourceVersion "1"]
[SourceVersionDate "2019.10.17"]
[SourceQuality "1"]

1. d4 Nf6 2. e3 d5 3. c4 e6 4. a3 Be7 5. Nc3 0-0 6. Nf3 b6 7. b4 a5 8. b5 Bb7 9. Bb2 Nbd7 10. Rc1 Re8 11. cxd5 exd5 12. Bd3 Bd6 13. Qc2 Qe7 14. Ng5 h6 15. Bh7+ Kh8 16. h4 Nf8 17. Bf5 g6 18. Ne6 Nxe6 19. Bxg6 fxg6 20. Qxg6 Qg7 21. Qxg7+ Kxg7 22. Kd2 Rf8 23. f3 Rae8 24. g4 Nh7 25. Rcf1 Kf7 26. f4 Ke7 27. g5 h5 28. Ne2 Ng7 29. Ng3 Bc8 30. Rf2 Bg4 31. Rhf1 Nf5 32. Nxf5+ Rxf5 33. Kd3 Kd7 34. Bc1 Nf8 35. Rh2 Ng6 36. a4 Re4 37. Bd2 Rf8 38. Rc1 Bf5 39. Ke2 Nxf4+ 0-1